000 00728nam a2200217 a 4500
001 9
005 20221127085830.0
008 050920s lxxua | 00100|eng d
020 _a0071151095 :
_cSR130.00
035 _a17
082 0 4 _a658.4038
_bOb6 2003
100 1 _aO'Brien, James A.
245 1 0 _aIntroduction to information systems :
_bessentials for the e-business enterprise /
_cO'Brien, James A. O'Brien.
250 _a11th ed.
260 _aBoston, Mass. :
_bMcGraw-Hill,
_c2003.
300 _axxii, 186 p. :
_bill.(some col.) ;
_c28 cm.
504 _aIncludes bibl. references and index.
650 4 _aBusiness
_xData processing.
650 4 _aManagement information systems.
650 4 _aInformation technology
_xManagement.
999 _c9
_d9